000 00685nam a2200217 a 4500
999 _c3776
_d3776
001 3776
003 BD-JhCC
005 20171119121318.0
008 171118s1973 bg |||| ||a| 00| 0 ben d
035 _a(BD-JhCC)3776
040 _aBD-JhCC
_dBD-JhCC
041 _aben
082 _a891.4409
_bMuk 1973
100 _aমুখোপাধ্যায়, সুনীলকুমার
245 _aজসীম উদদীন /
_cসুনীলকুমার মুখোপাধ্যায়
260 _aঢাকা ;
_bসিটি লাইব্ররী,
_c1973.
300 _a539 p. :
_c22 cm.
650 _aCollection of work
942 _2ddc
_cBK